Statistics : a fresh approach
| Main Author: | |
|---|---|
| Format: | Book |
| Published: |
New York :
McGraw Hill Publishing Company ,
1990
|
| Subjects: |
MARC
| LEADER | 00000cam a2200000 7i4500 | ||
|---|---|---|---|
| 001 | 0000007747 | ||
| 002 | 000008317 | ||
| 005 | 20000330.0 | ||
| 020 | |a 0071009205 | ||
| 090 | 0 | 0 | |a 519.5 |b SAN |
| 100 | 1 | |a Sanders, Donald H | |
| 245 | 1 | 0 | |a Statistics : |b a fresh approach |c Donald H.Sanders |
| 260 | |a New York : |b McGraw Hill Publishing Company , |c 1990 | ||
| 300 | |a 704p. : |b ill. ; |c 23cm. | ||
| 650 | 0 | 0 | |a Mathematical statistics |x Problems, exercises, etc |
| 650 | 0 | 0 | |a Statistics |x Problems, exercises, etc |
| 999 | |a 053105 |b BUKU |c PINJAMAN |e PERPUSTAKAAN KOMUNITI PETALING JAYA | ||